MARC

LEADER 00000nam0a2200000 4500
001 296527
005 20231102000920.0
020 |a RU  |b 84-38640 
035 |a (RuTPU)RU\TPU\book\321635 
090 |a 296527 
100 |a 20150601d1983 m y0rusy5003 ca 
101 0 |a rus 
102 |a RU 
105 |a a j 001zy 
200 1 |a Введение в специальность. Радиофизика  |e учебное пособие  |f Г. М. Герштейн 
210 |a Саратов  |c Изд-во Сарат. ун-та  |d 1983 
215 |a 222 с.  |c ил. 
320 |a Библиогр.: с. 219 
606 1 |a Радиофизика  |2 stltpush  |3 (RuTPU)RU\TPU\subj\23293  |9 47915 
610 1 |a учебные пособия 
610 1 |a электромагнитные колебания 
610 1 |a электромагнитные волны 
610 1 |a усиление 
610 1 |a генерирование 
610 1 |a передача информации 
610 1 |a радиофизические методы 
610 1 |a применение 
610 1 |a естествознание 
610 1 |a народное хозяйство 
675 |a 537.86(075.8)  |z rus  |v 3 
700 1 |a Герштейн  |b Г. М.  |g Григорий Моисеевич  |4 070 
801 0 |a RU  |b RuMRKP  |c 19950704  |g psbo 
801 1 |a RU  |b 63413507  |c 20150601 
801 2 |a RU  |b 63413507  |c 20190218  |g RCR 
942 |c BK